[Event "5th Solidarity it"]
[Site "Skopje YUG"]
[Date "1971.11.29"]
[Round "13"]
[White "Langeweg, Christian"]
[Black "Westerinen, Heikki"]
[Result "0-1"]
[WhiteElo "2425"]
[BlackElo "2435"]
[EventDate "1971.11.13"]
[PlyCount "50"]
[Source "Perpetual Check"]

1.d4 Nf6 2.c4 g6 3.Nc3 Bg7 4.e4 d6 5.Be2 O-O 6.Nf3 e5 7.O-O Nc6 8.d5 Ne7 
9.Nd2 Bh6 10.b4 Ne8 11.Nb3 Bxc1 12.Qxc1 f5 13.f4 exf4 14.Qxf4 Ng7 15.c5 a6
16.Rad1 Kh8 17.Rd3 Ng8 18.g4 g5 19.Qf2 f4 20.h4 Nh6 21.Qg2 gxh4 22.e5 dxe5
23.Kh1 Rg8 24.Qe4 Qg5 25.Nd2 Nxg4 0-1

[Event "5th Solidarity it"]
[Site "Skopje YUG"]
[Date "1971.11.30"]
[Round "14"]
[White "Damjanovic, Mato"]
[Black "Westerinen, Heikki"]
[Result "0-1"]
[WhiteElo "2490"]
[BlackElo "2435"]
[EventDate "1971.11.13"]
[PlyCount "80"]
[Source "Perpetual Check"]

1.e4 e5 2.Nf3 Nc6 3.Bb5 a6 4.Ba4 d6 5.Bxc6+ bxc6 6.d4 f6 7.Nc3 Ne7 8.dxe5 
fxe5 9.Qd3 Ng6 10.h4 Be7 11.h5 Nf8 12.Qc4 Bd7 13.Be3 Ne6 14.O-O-O O-O 15.
Rd2 Kh8 16.Ne2 c5 17.c3 Rb8 18.Ng3 Nf4 19.Bxf4 Rxf4 20.Qd5 Rxf3 21.gxf3 
Bg5 22.Ne2 Qe8 23.f4 Be6 24.Qd3 exf4 25.f3 Bxa2 26.Kd1 Bf7 27.Ke1 Bxh5 28.
c4 Bf7 29.Nc3 Rb3 30.e5 Bg6 31.Qe2 dxe5 32.Qd1 Rb8 33.Ne4 Be7 34.Qc2 Rd8 
35.Rdh2 h6 36.Qg2 Bxe4 37.fxe4 Rd6 38.Rg1 Qf7 39.Qg4 Bf8 40.b3 Rd4 0-1

[Event "5th Solidarity it"]
[Site "Skopje YUG"]
[Date "1971.11.30"]
[Round "14"]
[White "Tringov, Georgi"]
[Black "Langeweg, Christian"]
[Result "1-0"]
[WhiteElo "2490"]
[BlackElo "2425"]
[EventDate "1971.11.13"]
[PlyCount "120"]
[Source "Perpetual Check"]

1.e4 c5 2.Nf3 e6 3.d3 Nc6 4.g3 g6 5.Bg2 Bg7 6.O-O Nge7 7.Nbd2 O-O 8.c3 d6 
9.Re1 e5 10.a3 a5 11.a4 h6 12.Nc4 Be6 13.Nfd2 Rb8 14.Qb3 b6 15.Qc2 Qd7 16.
Nf1 d5 17.exd5 Nxd5 18.Nfd2 Rfd8 19.Nf3 Qc7 20.Qe2 Re8 21.Na3 Rbd8 22.Nd2 
Kh7 23.Ndc4 f5 24.Nb5 Qb8 25.Bd2 Bf7 26.Qf1 Nde7 27.Rad1 Rd7 28.Nba3 Red8 
29.Bc1 g5 30.Qe2 Bd5 31.Bxd5 Nxd5 32.Ne3 Nxe3 33.Bxe3 Rf8 34.Nc4 Kh8 35.
Bc1 Re7 36.Qh5 Kg8 37.h4 gxh4 38.Qxh4 Re6 39.f4 Rg6 40.Kf2 Rg4 41.Qh1 Qe8 
42.Qd5+ Kh7 43.fxe5 Ne7 44.Qf3 Qxa4 45.Nxb6 Qc2+ 46.Rd2 Qb3 47.Nd7 Qe6 48.
Nxf8+ Bxf8 49.Rdd1 Ng6 50.Bf4 h5 51.Rh1 h4 52.Rdf1 Be7 53.Ke2 a4 54.c4 Qc8
55.Bd2 Nxe5 56.Qe3 Rg6 57.Kd1 Qb8 58.gxh4 Re6 59.Bc3 Bf6 60.Bxe5 Rxe5 1-0

[Event "5th Solidarity it"]
[Site "Skopje YUG"]
[Date "1971.11.30"]
[Round "14"]
[White "Bukic, Enver"]
[Black "Ilievski, Dimitar"]
[Result "1/2-1/2"]
[WhiteElo "2465"]
[BlackElo "2280"]
[EventDate "1971.11.13"]
[PlyCount "44"]
[Source "Perpetual Check"]

1.d4 d5 2.c4 e6 3.Nf3 Nf6 4.g3 Be7 5.Bg2 O-O 6.O-O dxc4 7.Ne5 c5 8.dxc5 
Qc7 9.Nxc4 Qxc5 10.b3 Rd8 11.Nbd2 Qh5 12.e3 Qxd1 13.Rxd1 Nc6 14.Bb2 Bd7 
15.Nf3 Be8 16.Nfe5 Nxe5 17.Nxe5 Nd5 18.Rac1 Bf6 19.Be4 Bxe5 20.Bxe5 Bc6 
21.a3 f6 22.Bb2 Kf7 1/2-1/2

[Event "5th Solidarity it"]
[Site "Skopje YUG"]
[Date "1971.11.30"]
[Round "14"]
[White "Janosevic, Dragoljub"]
[Black "Rajkovic, Dusan"]
[Result "0-1"]
[WhiteElo "2450"]
[BlackElo "2410"]
[EventDate "1971.11.13"]
[PlyCount "78"]
[Source "Perpetual Check"]

1.e4 c5 2.Nf3 d6 3.d4 cxd4 4.Nxd4 Nf6 5.Nc3 a6 6.Bg5 e6 7.f4 b5 8.e5 dxe5 
9.fxe5 Qc7 10.exf6 Qe5+ 11.Qe2 Qxg5 12.Ne4 Qe5 13.O-O-O Bb7 14.Nf5 exf5 
15.fxg7 fxe4 16.gxh8=Q Qxh8 17.Qh5 Qf6 18.Kb1 Bg7 19.c3 b4 20.Bc4 bxc3 21.
Qe2 Qe5 22.Rhf1 Bf6 23.g4 e3 24.Rxf6 Be4+ 25.Bd3 Nd7 26.Rf5 Bxf5 27.Bxf5 
Nf6 28.Qf3 Rb8 29.b3 Kf8 30.g5 Nh5 31.Bd3 Nf4 32.Bc4 Rb4 33.Kc2 e2 34.Re1 
Qf5+ 35.Kxc3 Rxc4+ 36.Kxc4 Qb5+ 37.Kd4 Qb4+ 38.Ke3 Qxe1 39.Qxf4 Qc1+ 0-1

[Event "5th Solidarity it"]
[Site "Skopje YUG"]
[Date "1971.11.30"]
[Round "14"]
[White "Bilek, Istvan"]
[Black "Sofrevski, Jovan"]
[Result "1/2-1/2"]
[WhiteElo "2490"]
[BlackElo "2410"]
[EventDate "1971.11.13"]
[PlyCount "22"]
[Source "Perpetual Check"]

1.c4 Nf6 2.Nf3 g6 3.d4 Bg7 4.Nc3 O-O 5.Bf4 d6 6.h3 Nbd7 7.e3 c6 8.Be2 Qa5 
9.O-O e5 10.Bh2 Re8 11.a3 exd4 1/2-1/2

[Event "5th Solidarity it"]
[Site "Skopje YUG"]
[Date "1971.11.30"]
[Round "14"]
[White "Nicevski, Risto"]
[Black "Ostojic, Predrag"]
[Result "1/2-1/2"]
[WhiteElo "2410"]
[BlackElo "2430"]
[EventDate "1971.11.13"]
[PlyCount "26"]
[Source "Perpetual Check"]

1.e4 e5 2.Nf3 Nc6 3.Bb5 a6 4.Ba4 Nf6 5.O-O Be7 6.Re1 b5 7.Bb3 d6 8.c3 O-O 
9.h3 h6 10.d4 Re8 11.Nbd2 Bf8 12.Nf1 Bd7 13.Ng3 g6 1/2-1/2

[Event "5th Solidarity it"]
[Site "Skopje YUG"]
[Date "1971.11.30"]
[Round "14"]
[White "Gufeld, Eduard"]
[Black "Planinc, Albin"]
[Result "0-1"]
[WhiteElo "2520"]
[BlackElo "2510"]
[EventDate "1971.11.13"]
[PlyCount "80"]
[Source "Perpetual Check"]

1.e4 g6 2.d4 Bg7 3.Nf3 d6 4.Bc4 Nf6 5.Qe2 O-O 6.O-O c6 7.Bb3 d5 8.Nbd2 b6 
9.exd5 cxd5 10.Re1 e6 11.Ne5 Ne8 12.Ndf3 Nd6 13.Bf4 f6 14.Nd3 Nc6 15.Ba4 
Na5 16.b4 Ne4 17.bxa5 Nc3 18.Qd2 Nxa4 19.Bh6 Bd7 20.Bxg7 Kxg7 21.Nf4 Re8 
22.Qb4 Kf7 23.c4 bxa5 24.Qa3 dxc4 25.d5 e5 26.Ne6 Qe7 27.Qc1 Rac8 28.h4 
Nb6 29.h5 Nxd5 30.hxg6+ hxg6 31.Neg5+ Kg7 32.Ne4 c3 33.Rb1 Nb4 34.Re3 Bf5 
35.Nh4 Bxe4 36.Rxe4 f5 37.Nxg6 Kxg6 38.Re3 c2 39.Rb2 f4 40.Reb3 Red8 0-1

[Event "5th Solidarity it"]
[Site "Skopje YUG"]
[Date "1971.12.02"]
[Round "15"]
[White "Polugaevsky, Lev"]
[Black "Damjanovic, Mato"]
[Result "1/2-1/2"]
[WhiteElo "2640"]
[BlackElo "2490"]
[EventDate "1971.11.13"]
[PlyCount "21"]
[Source "Perpetual Check"]

1.d4 Nf6 2.c4 e6 3.Nf3 Bb4+ 4.Bd2 Bxd2+ 5.Nbxd2 Nc6 6.g3 O-O 7.Bg2 d6 8.
O-O e5 9.e3 exd4 10.Nxd4 Nxd4 11.exd4 1/2-1/2

[Event "5th Solidarity it"]
[Site "Skopje YUG"]
[Date "1971.12.02"]
[Round "15"]
[White "Ostojic, Predrag"]
[Black "Gufeld, Eduard"]
[Result "1/2-1/2"]
[WhiteElo "2430"]
[BlackElo "2520"]
[EventDate "1971.11.13"]
[PlyCount "24"]
[Source "Perpetual Check"]

1.e4 e5 2.Nf3 Nf6 3.Nxe5 d6 4.Nf3 Nxe4 5.d4 Be7 6.Bd3 Nf6 7.O-O Bg4 8.h3 
Bh5 9.c3 c6 10.Bf4 O-O 11.Nbd2 Nbd7 12.Re1 Re8 1/2-1/2

[Event "5th Solidarity it"]
[Site "Skopje YUG"]
[Date "1971.12.02"]
[Round "15"]
[White "Rajkovic, Dusan"]
[Black "Bilek, Istvan"]
[Result "1/2-1/2"]
[WhiteElo "2410"]
[BlackElo "2490"]
[EventDate "1971.11.13"]
[PlyCount "37"]
[Source "Perpetual Check"]

1.d4 Nf6 2.c4 g6 3.Nc3 d5 4.Nf3 Bg7 5.Bg5 Ne4 6.cxd5 Nxg5 7.Nxg5 e6 8.Qd2 
exd5 9.Qe3+ Kf8 10.Qd2 c6 11.Nf3 Qe7 12.e3 Bg4 13.h3 Bxf3 14.gxf3 Bf6 15.
O-O-O Kg7 16.f4 Nd7 17.f5 b5 18.Bd3 Nb6 19.Rhg1 1/2-1/2

[Event "5th Solidarity it"]
[Site "Skopje YUG"]
[Date "1971.12.02"]
[Round "15"]
[White "Ilievski, Dimitar"]
[Black "Janosevic, Dragoljub"]
[Result "1/2-1/2"]
[WhiteElo "2280"]
[BlackElo "2450"]
[EventDate "1971.11.13"]
[PlyCount "29"]
[Source "Perpetual Check"]

1.Nf3 Nf6 2.c4 g6 3.b3 Bg7 4.Bb2 c5 5.g3 O-O 6.Bg2 Nc6 7.O-O d6 8.d3 a6 9.
Nc3 Rb8 10.Nd5 e5 11.Nxf6+ Bxf6 12.Nd2 Bg7 13.Ne4 Ne7 14.Nc3 b5 15.Nd5 
1/2-1/2

[Event "5th Solidarity it"]
[Site "Skopje YUG"]
[Date "1971.12.02"]
[Round "15"]
[White "Langeweg, Christian"]
[Black "Bukic, Enver"]
[Result "1/2-1/2"]
[WhiteElo "2425"]
[BlackElo "2465"]
[EventDate "1971.11.13"]
[PlyCount "24"]
[Source "Perpetual Check"]

1.Nf3 Nf6 2.c4 e6 3.Nc3 c5 4.d4 cxd4 5.Nxd4 Bb4 6.Nb5 d5 7.cxd5 Nxd5 8.Bd2
Nxc3 9.Nxc3 O-O 10.e3 Nd7 11.Be2 b6 12.O-O Bb7 1/2-1/2

[Event "5th Solidarity it"]
[Site "Skopje YUG"]
[Date "1971.12.02"]
[Round "15"]
[White "Westerinen, Heikki"]
[Black "Tringov, Georgi"]
[Result "1-0"]
[WhiteElo "2435"]
[BlackElo "2490"]
[EventDate "1971.11.13"]
[PlyCount "95"]
[Source "Perpetual Check"]

1.e4 d6 2.d4 Nf6 3.Nc3 g6 4.Be3 Bg7 5.Qd2 Ng4 6.Bg5 h6 7.Bh4 g5 8.Bg3 e5 
9.Nf3 Nc6 10.Bb5 exd4 11.Nxd4 Bd7 12.Nde2 Nge5 13.f4 gxf4 14.Nxf4 Qg5 15.
Ncd5 O-O-O 16.O-O-O a6 17.Be2 Ng6 18.Rhf1 Be5 19.Kb1 Nxf4 20.Nxf4 h5 21.
Bc4 h4 22.Be1 Rdf8 23.h3 Qh6 24.Nd3 Qxd2 25.Rxd2 f5 26.exf5 Rxf5 27.Rxf5 
Bxf5 28.Bd5 Bg3 29.Bxg3 hxg3 30.Nf4 Rf8 31.Ne2 Re8 32.Kc1 Re3 33.Kd1 Ne5 
34.Nd4 Bg6 35.Re2 Bh5 36.Kd2 Bxe2 37.Kxe3 Bf1 38.Nf5 c5 39.Nxg3 Bb5 40.
Be6+ Kd8 41.Nf5 d5 42.h4 a5 43.h5 Ng4+ 44.Kf4 Nf6 45.h6 Be2 46.Kg5 Nh7+ 
47.Kg6 Nf8+ 48.Kf7 1-0